Fourteenth Route Pokémon - Statistics

General Stats
  • This quiz has been taken 17 times
  • The average score is 113 of 145
Answer Stats
Game Route Type Answer % Correct
BY 14 Grass/Poison Bellsprout
100%
XY 14 Grass/Poison Bellsprout
100%
LGPE 14 Fire/Flying Charizard
100%
LGPE 14 Dragon/Flying Dragonite
100%
RY 14 Grass/Poison Gloom
100%
DPP 214 Water Golduck
100%
BW 14 Water Golduck
100%
RBY 14 Water Magikarp
100%
GSC 42 Water Magikarp
100%
RSE 114 Water Magikarp
100%
DPP 214 Water Magikarp
100%
SM 14 Water Magikarp
100%
LGPE 14 Normal/Flying Pidgeot
100%
RBY 14 Normal/Flying Pidgeotto
100%
RB 14 Normal/Flying Pidgey
100%
DPP 214 Water Psyduck
100%
Pt 214 Ground/Rock Rhyhorn
100%
RBY 14 Bug/Poison Venonat
100%
LGPE 14 Ice/Flying Articuno
89%
ORAS 114 Water/Fairy Azumarill
89%
GSC 14 Water/Rock Corsola
89%
C 42 Normal/Flying Fearow
89%
RSE 114 Rock/Ground Geodude
89%
DPP 214 Rock/Ground Geodude
89%
C 42 Poison/Flying Golbat
89%
RBY 14 Water Goldeen
89%
GSC 42 Water Goldeen
89%
E 114 Water Goldeen
89%
DPP 214 Water Goldeen
89%
BW 14 Water Goldeen
89%
DPP 214 Rock/Ground Graveler
89%
DPP 214 Water/Flying Gyarados
89%
SM 14 Water/Flying Gyarados
89%
GSC 42 Bug/Fighting Heracross
89%
HGSS 14 Normal/Flying Hoothoot
89%
GSC 14 Grass/Flying Hoppip
89%
BW 14 Normal/Fairy Jigglypuff
89%
SS 14 Bug/Flying Ledyba
89%
G 42 Fighting Mankey
89%
C 42 Water/Fairy Marill
89%
RSE 114 Water/Fairy Marill
89%
LGPE 14 Fire/Flying Moltres
89%
GSC 14 Poison Nidorina
89%
GSC 14 Poison Nidorino
89%
GSC 14 Normal/Flying Noctowl
89%
RY 14 Grass/Poison Oddish
89%
LGE 14 Bug Pinsir
89%
HGSS 14 (Sound) Electric Plusle
89%
DP 214 Fire Ponyta
89%
GSC 14 Water/Ground Quagsire
89%
XY 14 Water/Ground Quagsire
89%
C 42 Normal Rattata
89%
LGP 14 Bug/Flying Scyther
89%
GSC 42 Water Seaking
89%
DPP 214 Water Seaking
89%
BW 14 Water Seaking
89%
BW 14 Bug/Rock Shuckle
89%
GSC 14 Grass/Flying Skiploom
89%
GSC 42 Normal/Flying Spearow
89%
HG 14 Bug/Poison Spinarak
89%
P 214 Rock Sudowoodo
89%
HGSS 14 Grass Tangela
89%
SM 14 Water/Poison Tentacool
89%
USUM 14 Water/Poison Tentacruel
89%
Y 14 Bug/Poison Venomoth
89%
BY 14 Grass/Poison Weepinbell
89%
XY 14 Grass/Poison Weepinbell
89%
BW 14 Normal/Fairy Wigglytuff
89%
LGPE 14 Electric/Flying Zapdos
89%
GSC 42 Poison/Flying Zubat
89%
Pt 214 Poison/Flying Zubat
89%
GSC 14 (Trade) Rock/Flying Aerodactyl
78%
C 42 Poison Arbok
78%
RSE 114 Water/Ground Barboach
78%
XY 14 Water/Ground Barboach
78%
SM 14 Water/Psychic Bruxish
78%
C 42 Poison Ekans
78%
XY 14 Poison Ekans
78%
GS 42 Electric Flaaffy
78%
USUM 14 Water/Ghost Frillish
78%
DP 214 (Slot) Ground/Flying Gligar
78%
XY 14 Ghost/Poison Haunter
78%
P 214 Dark/Fire Houndoom
78%
Pt 214 Dark/Fire Houndour
78%
DP 214 Bug Kricketune
78%
SE 114 Water/Grass Lombre
78%
SE 114 Water/Grass Lotad
78%
GS 42 Electric Mareep
78%
ORAS 114 Bug/Flying Masquerain
78%
D 214 Dark Mightyena
78%
HGSS 14 (Sound) Electric Minun
78%
RE 114 Grass/Dark Nuzleaf
78%
SM 14 Water/Flying Pelipper
78%
RBY 14 Water Poliwag
78%
XY 14 Water Poliwag
78%
XY 14 Water Poliwhirl
78%
Pt 214 Dark Poochyena
78%
C 42 Normal Raticate
78%
R 114 Grass Seedot
78%
HGSS 14 (Sound) Electric Shinx
78%
GSC 14 Water Staryu
78%
D 214 Poison/Dark Stunky
78%
RS 114 Water/Bug Surskit
78%
LGPE 14 Normal Tauros
78%
XY 14 Water/Ground Whiscash
78%
BW 14 Dragon/Flying Altaria
67%
BW 14 Water Basculin
67%
GSC 14 Normal Chansey
67%
RB 14 Normal Ditto
67%
BW 14 Ghost/Flying Drifblim
67%
BW 14 Electric/Flying Emolga
67%
ORAS 114 Ghost Misdreavus
67%
SE 114 Poison Seviper
67%
DPP 214 (Swarm) Psychic Spoink
67%
XY 14 Ground/Electric Stunfisk
67%
RSE 114 Normal/Flying Swablu
67%
BW2 14 Normal/Flying Swablu
67%
BW 14 Grass/Flying Tropius
67%
DPP 214 (Slot) Fire Vulpix
67%
SM 14 Water Wishiwashi
67%
BW 14 (Swarm) Bug/Flying Yanma
67%
R 114 Normal Zangoose
67%
SM 14 Water Finneon
56%
XY 14 Dragon Goomy
56%
GSC 14 Water Kingler
56%
GSC 14 Water Krabby
56%
BW 14 Fighting Mienfoo
56%
BW 14 Fighting Mienshao
56%
ORAS 114 Poison/Bug Skorupi
56%
XY 14 Poison/Bug Skorupi
56%
HGSS 14 Bug Wurmple
56%
BW2 14 Dark Absol
44%
GSC 42 Normal Aipom
44%
GSC 42 (Sound) Water Buizel
44%
BW 14 Water Buizel
44%
BW 14 Water Floatzel
44%
XY 14 Bug Karrablast
44%
XY 14 Bug Shelmet
44%
BW 14 Normal Audino
33%
GSC 42 (Sound) Normal Bidoof
33%
ORAS 114 Water Tympole
33%
GSC 42 (Sound) Normal Whismur
33%
BW 14 Psychic Beheeyem
22%
GSC 42 (Sound) Normal Linoone
22%
XY 14 Grass Carnivine
11%
No matching quizzes found
Score Distribution
Percent of People with Each Score
Percentile by Number Answered
Your Score History
You have not taken this quiz